[Event "Innsbruck op-A 1st"]
[Site "Innsbruck"]
[Date "2017.08.28"]
[Round "3"]
[White "Villa, Giorgio"]
[Black "Beshukova, Alina"]
[Result "1-0"]
[WhiteElo "2011"]
[BlackElo "1936"]
[PlyCount "65"]
[EventDate "2017.08.25"]
[EventType "swiss"]
[EventRounds "9"]
[EventCountry "AUT"]
[SourceTitle "CBM 180 Extra"]
[Source "ChessBase"]
[SourceDate "2017.10.06"]
[SourceVersion "1"]
[SourceVersionDate "2017.10.06"]
[SourceQuality "1"]

1. d4 d5 2. Nf3 Nf6 3. c4 c6 4. Nc3 e6 5. e3 Nbd7 6. Qc2 b6 7. Bd3 Bb7 8. 0-0 Be7 9. b3 0-0 10. Bb2 Rc8 11. Rac1 h6 12. Rfd1 Qc7 13. Qe2 Qb8 14. Ne5 dxc4 15. Bxc4 Nxe5 16. dxe5 Nd5 17. e4 Nxc3 18. Bxc3 b5 19. Bd3 b4 20. Bb2 c5 21. f4 a5 22. f5 exf5 23. exf5 Bg5 24. Rc4 Bd5 25. Rg4 f6 26. h4 h5 27. hxg5 hxg4 28. gxf6 gxf6 29. Qxg4+ Kf7 30. Qg6+ Ke7 31. exf6+ Kd8 32. Bc4 Qb6 33. Be5 1-0

[Event "Ceriano Laghetto op-A 24th"]
[Site "Ceriano Laghetto"]
[Date "2015.03.07"]
[Round "2"]
[White "Sbarra, Marco"]
[Black "Villa, Giorgio"]
[Result "1/2-1/2"]
[WhiteElo "2169"]
[BlackElo "2027"]
[PlyCount "53"]
[EventDate "2015.03.06"]
[EventType "swiss"]
[EventRounds "5"]
[EventCountry "ITA"]
[SourceTitle "EXT 2017"]
[Source "ChessBase"]
[SourceDate "2016.10.25"]
[SourceVersion "1"]
[SourceVersionDate "2016.10.25"]
[SourceQuality "1"]

1. e4 c6 2. c4 d5 3. exd5 cxd5 4. d4 Nf6 5. Nc3 g6 6. Qb3 Bg7 7. cxd5 0-0 8. Be2 Na6 9. Bf3 b5 10. Nxb5 Rb8 11. a4 Nc7 12. Bf4 a6 13. Bxc7 Qxc7 14. Nxc7 Rxb3 15. Ne2 Bb7 16. 0-0 Rc8 17. Rac1 Bh6 18. Rc5 Rxb2 19. g3 Bd2 20. Nf4 Nd7 21. Rc4 Nb6 22. Rc5 Nxa4 23. Rc4 Nb6 24. Rc5 Nd7 25. Rc4 Nb6 26. Rc5 Nd7 27. Rc4 1/2-1/2

[Event "Ceriano Laghetto op-A 24th"]
[Site "Ceriano Laghetto"]
[Date "2015.03.06"]
[Round "1"]
[White "Villa, Giorgio"]
[Black "Tomba, Ivan"]
[Result "0-1"]
[WhiteElo "2027"]
[BlackElo "2251"]
[PlyCount "46"]
[EventDate "2015.03.06"]
[EventType "swiss"]
[EventRounds "5"]
[EventCountry "ITA"]
[SourceTitle "EXT 2017"]
[Source "ChessBase"]
[SourceDate "2016.10.25"]
[SourceVersion "1"]
[SourceVersionDate "2016.10.25"]
[SourceQuality "1"]

1. Nf3 e6 2. c4 d5 3. d4 c6 4. Nc3 Nf6 5. e3 Nbd7 6. Qc2 Bd6 7. Be2 0-0 8. 0-0 dxc4 9. Bxc4 e5 10. Rd1 Qe7 11. h3 e4 12. Nd2 Nb6 13. Bf1 Re8 14. f3 exf3 15. Nxf3 Nbd5 16. Nxd5 cxd5 17. Bd3 Ne4 18. Nd2 Bxh3 19. Nxe4 dxe4 20. gxh3 exd3 21. Qxd3 Qh4 22. Qf5 Re6 23. Rd2 Rf6 0-1

[Event "Wch U18"]
[Site "Maribor"]
[Date "2012.11.18"]
[Round "11.49"]
[White "Bullen, Alex"]
[Black "Villa, Giorgio"]
[Result "0-1"]
[WhiteElo "1824"]
[BlackElo "1990"]
[PlyCount "46"]
[EventDate "2012.11.08"]
[EventType "swiss"]
[EventRounds "11"]
[EventCountry "SLO"]
[SourceTitle "EXT 2013"]
[Source "ChessBase"]
[SourceDate "2012.11.22"]
[SourceVersion "1"]
[SourceVersionDate "2012.11.22"]
[SourceQuality "1"]

1. d4 d5 2. Nf3 Nf6 3. e3 c5 4. dxc5 e6 5. b4 a5 6. c3 axb4 7. cxb4 b6 8. Bb5+ Bd7 9. Bxd7+ Nbxd7 10. 0-0 bxc5 11. b5 Bd6 12. a4 0-0 13. Bd2 Ne4 14. Nc3 Nxd2 15. Qxd2 Ra5 16. Rfb1 Nb6 17. Qc2 Qc7 18. Nd2 Bxh2+ 19. Kf1 Be5 20. Rb3 Rfa8 21. Ndb1 d4 22. Ne4 c4 23. Rba3 d3 0-1

[Event "Wch U18"]
[Site "Maribor"]
[Date "2012.11.08"]
[Round "1.34"]
[White "Draskovic, Luka"]
[Black "Villa, Giorgio"]
[Result "1-0"]
[WhiteElo "2336"]
[BlackElo "1990"]
[PlyCount "97"]
[EventDate "2012.11.08"]
[EventType "swiss"]
[EventRounds "11"]
[EventCountry "SLO"]
[SourceTitle "EXT 2013"]
[Source "ChessBase"]
[SourceDate "2012.11.22"]
[SourceVersion "1"]
[SourceVersionDate "2012.11.22"]
[SourceQuality "1"]

1. e4 c6 2. d4 d5 3. Nc3 dxe4 4. Nxe4 Nd7 5. Bc4 Ngf6 6. Ng5 e6 7. Qe2 Nb6 8. Bd3 h6 9. N5f3 c5 10. Be3 Qc7 11. Ne5 Nbd7 12. Ngf3 Bd6 13. Nxd7 Bxd7 14. 0-0-0 Rc8 15. dxc5 Bxc5 16. Bxc5 Qxc5 17. Ne5 Ba4 18. Rd2 Nd5 19. Qf3 Rc7 20. a3 Nb4 21. Qf4 Nxd3+ 22. Nxd3 Qc4 23. Qxc4 Rxc4 24. Kb1 Rc7 25. Rhd1 Ke7 26. Ne5 Rhc8 27. b3 Be8 28. Kb2 f6 29. Nc4 Rd7 30. Rxd7+ Bxd7 31. Nd6 Rc7 32. c4 Bc6 33. f3 b6 34. Kc3 Bb7 35. Nb5 Rc5 36. Nxa7 Ra5 37. Nb5 Bc6 38. Nd4 Bd7 39. a4 Ra7 40. Re1 e5 41. Nc2 Ke6 42. Nb4 f5 43. Nd3 Ra5 44. Nf4+ Kd6 45. Nd5 b5 46. axb5 Bxb5 47. Kb4 Ra2 48. Kxb5 Rxg2 49. Ne3 1-0

[Event "Biella op 3rd"]
[Site "Biella"]
[Date "2012.09.30"]
[Round "5"]
[White "Villa, Giorgio"]
[Black "Bonade, Massimo"]
[Result "1/2-1/2"]
[WhiteElo "1966"]
[BlackElo "2075"]
[PlyCount "144"]
[EventDate "2012.09.28"]
[EventType "swiss"]
[EventRounds "9"]
[EventCountry "ITA"]
[SourceTitle "EXT 2013"]
[Source "ChessBase"]
[SourceDate "2012.11.22"]
[SourceVersion "1"]
[SourceVersionDate "2012.11.22"]
[SourceQuality "1"]

1. d4 Nf6 2. Nf3 e6 3. c4 b6 4. g3 Bb7 5. Bg2 Be7 6. 0-0 0-0 7. Nc3 Ne4 8. Qc2 Nxc3 9. Qxc3 f5 10. Rd1 Bf6 11. Bf4 g5 12. Be5 d6 13. Bxf6 Qxf6 14. Qd2 h6 15. c5 f4 16. gxf4 Qxf4 17. Qxf4 Rxf4 18. cxd6 cxd6 19. Rac1 Na6 20. Ne1 Bxg2 21. Nxg2 Rf6 22. Rc6 d5 23. Ne1 Nb4 24. Rc7 Na6 25. Rc3 Raf8 26. Nd3 R6f7 27. Rc6 Re7 28. Rdc1 Kg7 29. Ne5 Kf6 30. a3 Nb8 31. Rc7 Rfe8 32. R1c3 Rxc7 33. Rxc7 Re7 34. Rc8 Na6 35. Nc6 Rc7 36. Rxc7 Nxc7 37. Nxa7 Kf5 38. a4 Ke4 39. Nc6 Ne8 40. b4 Nc7 41. a5 bxa5 42. bxa5 Na6 43. e3 h5 44. Nd8 e5 45. Ne6 exd4 46. Nxd4 Nc5 47. Kg2 Na6 48. Kg3 Nc5 49. Nc6 Na6 50. h3 Kf5 51. f3 Ke6 52. h4 gxh4+ 53. Kxh4 Kd6 54. Nd4 Kc5 55. Kxh5 Kb4 56. f4 Kxa5 57. f5 Nc5 58. f6 Kb4 59. f7 Nd7 60. Ne6 Kc3 61. Kg5 Kd3 62. Kf4 Kc4 63. Kg3 Kc3 64. Kf2 Kc4 65. Ke2 d4 66. e4 Kc3 67. Nf4 Kc2 68. e5 Nf8 69. Nd3 Ne6 70. Nf2 Kc3 71. Ne4+ Kc2 72. Nc5 Nf8 1/2-1/2

[Event "ITA-ch sf 72nd"]
[Site "Civitanova Marche"]
[Date "2012.07.22"]
[Round "9"]
[White "Astengo, Marcello"]
[Black "Villa, Giorgio"]
[Result "1-0"]
[WhiteElo "2033"]
[BlackElo "1949"]
[PlyCount "67"]
[EventDate "2012.07.15"]
[EventType "swiss"]
[EventRounds "9"]
[EventCountry "ITA"]
[SourceTitle "EXT 2013"]
[Source "ChessBase"]
[SourceDate "2012.11.22"]
[SourceVersion "1"]
[SourceVersionDate "2012.11.22"]
[SourceQuality "1"]

1. d4 d5 2. c4 c6 3. Nc3 Nf6 4. e3 e6 5. Nf3 Nbd7 6. Bd3 dxc4 7. Bxc4 b5 8. Bd3 a6 9. 0-0 c5 10. Qe2 Bb7 11. Rd1 Qb6 12. a4 b4 13. a5 Qc7 14. Nb1 Be7 15. Nbd2 0-0 16. b3 cxd4 17. exd4 Nd5 18. Bb2 Nf4 19. Qf1 Nxd3 20. Qxd3 Rfc8 21. Nc4 Bd5 22. Rdc1 Qf4 23. Nb6 Nxb6 24. axb6 Bd6 25. Ne5 f6 26. g3 Qg5 27. Rxc8+ Rxc8 28. Qxa6 Rf8 29. Nc4 Qh5 30. Nxd6 Qf3 31. Kf1 Ra8 32. b7 Rb8 33. Qa8 Rxa8 34. Rxa8# 1-0

[Event "ITA-ch sf 72nd"]
[Site "Civitanova Marche"]
[Date "2012.07.16"]
[Round "2"]
[White "Villa, Giorgio"]
[Black "Bonfa, Ileano"]
[Result "1-0"]
[WhiteElo "1949"]
[BlackElo "2235"]
[PlyCount "88"]
[EventDate "2012.07.15"]
[EventType "swiss"]
[EventRounds "9"]
[EventCountry "ITA"]
[SourceTitle "EXT 2013"]
[Source "ChessBase"]
[SourceDate "2012.11.22"]
[SourceVersion "1"]
[SourceVersionDate "2012.11.22"]
[SourceQuality "1"]

1. Nf3 g6 2. c4 Nf6 3. g3 Bg7 4. Bg2 d5 5. cxd5 Nxd5 6. d4 c5 7. Nc3 Nxc3 8. bxc3 Nc6 9. e3 0-0 10. 0-0 Qa5 11. Qb3 Qa6 12. Rd1 Bf5 13. a4 Be4 14. Ba3 c4 15. Qb5 Rfc8 16. Nd2 Bxg2 17. Kxg2 e5 18. Rac1 exd4 19. Qxa6 bxa6 20. cxd4 Na5 21. Bb4 Nc6 22. Rxc4 Nxb4 23. Rxb4 Bf8 24. Rb7 Rc2 25. Ne4 Rac8 26. Rxa7 Ra2 27. Nc5 Bxc5 28. dxc5 Rxc5 29. Rxa6 Rcc2 30. Rf6 Kg7 31. Rf4 g5 32. Rf5 Kg6 33. g4 Rc6 34. Rdd5 f6 35. a5 Ra6 36. Rb5 h5 37. gxh5+ Kxh5 38. Rb6 R2xa5 39. Rfxf6 Rxb6 40. Rxb6 Kg4 41. Rf6 Ra2 42. h3+ Kh5 43. Kg3 Ra4 44. f3 Ra2 1-0